000 00536 a2200169 4500
003 OSt
005 20250704114250.0
008 250704b |||||||| |||| 00| 0 eng d
020 _a9789390620951
040 _coclc
082 _a660.286
_bMAL/N
100 _aMalhotra, Priti
_910606
245 _aNovel Inorganic Solids and Nanomaterials /
_cPriti Malhotra, Shikha Gulati
260 _aNew Delhi:
_bI K International Pvt Ltd,
_c2021
300 _a420 pages
942 _2ddc
_cBK
_h660.286
_iMAL/N
_k660.286
_mMAL/N
999 _c44609
_d44609